| 000 -CABECERA |
| fixed length control field |
01802nam a22002657a 4500 |
| 003 - IDENTIFICADOR DEL NÚMERO DE CONTROL |
| control field |
AR-CdUCM |
| 008 - DATOS DE LONGITUD FIJA--INFORMACIÓN GENERAL |
| fixed length control field |
190425b ||||| |||| 00| 0 spa d |
| 040 ## - FUENTE DE LA CATALOGACIÓN |
| Agencia/entidad que catalogó originalmente la obra |
MUNICIPALIDAD PROVINCIAL DEL CUSCO |
| Entidad que transcribió la catalogación |
BIBLIOTECA MUNICIPAL DEL CUSCO |
| 082 ## - NÚMERO DE LA CLASIFICACIÓN DECIMAL DEWEY |
| No. de Clasificación |
Rev.AHC/N°9/1958 |
| 110 ## - ENTRADA PRINCIPAL--NOMBRE DE ENTIDAD CORPORATIVA |
| Nombre de la institución, jurisdicción como entrada principal |
Archivo Regional del Cusco |
| 9 (RLIN) |
46600 |
| 245 ## - MENCIÓN DE TÍTULO |
| Título |
Revista del Archivo Histórico del Cuzco / |
| Mención de responsabilidad |
Universidad Nacional del Cuzco |
| 260 ## - PUBLICACIÓN, DISTRIBUCIÓN, ETC. |
| Lugar de publicación, distribución, etc. |
Cusco : |
| Nombre de la editorial, distribuidor, etc. |
H.G. rozas, |
| Fecha de publicación, distribución, etc. |
1958. |
| 300 ## - DESCRIPCIÓN FÍSICA |
| Nº de Páginas Extensión |
462 páginas. : |
| Dimensiones |
21 cm. |
| 440 ## - MENCIÓN DE SERIE/PUNTO DE ACCESO ADICIONAL--TÍTULO |
| Título |
Revista del Archivo Histórico. |
| Número de la parte/sección de una obra |
Año IX, 1958, N°9. |
| 9 (RLIN) |
46622 |
| 505 ## - NOTA DE CONTENIDO CON FORMATO |
| Nota de contenido formateada |
Contenido: Libros de Cabildos del Cuzco devueltos por el Ministerio de Relaciones Exteriores. -- Los caciques Alpaca Huáscar. -- Local para cárcel y cabildo del Cuzco. -- Actas de los Libros de Cabildos del Cuzco año 1545 a 1548. -- Monografías sobre problemas sociales del Perú, relación de 693 monografías ingresadas al Archivo Histórico, con indicación de autores y temas. -- Arte Cuzqueño VI, Jorge Cornejo Bouroncle. -- Homenaje a los próceres de la revolución de 1814. -- Festividad de Nuestra Señora de Nieva. -- Repartición de tierras en 1658. -- De la revolución de 1814 expediente de calificación de la conducta y operaciones de Mariano Becerra. -- De los primeros años de la Republica, nueve documentos varios. -- Alarifes, agrimensores y arquitectos. -- Información dada sobre el estado de los archivos del Cusco. -- Transacción y desistimiento año 1845. |
| 650 ## - PUNTO DE ACCESO ADICIONAL DE MATERIA--TÉRMINO DE MATERIA |
| Descriptor |
Documentos históricos |
| 9 (RLIN) |
1122 |
| 650 ## - PUNTO DE ACCESO ADICIONAL DE MATERIA--TÉRMINO DE MATERIA |
| Descriptor |
Patrimonio documental |
| 9 (RLIN) |
44090 |
| 650 ## - PUNTO DE ACCESO ADICIONAL DE MATERIA--TÉRMINO DE MATERIA |
| Descriptor |
Historia del Cusco |
| 9 (RLIN) |
1714 |
| 650 ## - PUNTO DE ACCESO ADICIONAL DE MATERIA--TÉRMINO DE MATERIA |
| Descriptor |
Levantamientos andinos |
| 9 (RLIN) |
44095 |
| 650 ## - PUNTO DE ACCESO ADICIONAL DE MATERIA--TÉRMINO DE MATERIA |
| Descriptor |
Arte cusqueño |
| 9 (RLIN) |
13165 |
| 650 ## - PUNTO DE ACCESO ADICIONAL DE MATERIA--TÉRMINO DE MATERIA |
| Descriptor |
Artistas cusqueños |
| 9 (RLIN) |
46623 |
| 700 ## - PUNTO DE ACCESO ADICIONAL--NOMBRE DE PERSONA |
| Nombre Personal |
Cornejo Bouroncle, Jorge |
| 9 (RLIN) |
15278 |
| 942 ## - ELEMENTOS DE PUNTO DE ACCESO ADICIONAL (KOHA) |
| Fuente de clasificación |
|
| Tipo de item |
Revistas cusqueñas |
| 945 ## - PROCESAMIENTO DE INFORMACIÓN LOCAL (OCLC) |
| Catalogador |
rac |